LA LIGA 23/24 KLUBY - Statystyki

Ogólne statystyki
  • Ten quiz został rozwiązany 503 razy
    417 od ostatniego zresetowania
  • Średni wynik to 14 z 20
Statystyki odpowiedzi
Odpowiedź % Poprawnych
FC Barcelona
99%
Real Madrid
99%
Atlético de Madrid
94%
Girona FC
83%
Real Betis Balompié
82%
Sevilla FC
82%
Athletic Bilbao
81%
Real Sociedad
80%
Valencia CF
74%
Getafe CF
64%
UD Las Palmas
62%
RCD Mallorca
60%
Celta de Vigo
57%
Cádiz CF
53%
Granada CF
53%
CA Osasuna
52%
Deportivo Alavés
52%
Rayo Vallecano
52%
UD Almería
51%
Villarreal CF
46%
Nie znaleziono quizów pasujących do podanych kryteriów
Rozkład punktacji
Procent ludzi z każdym wynikiem
Percentyl według liczby udzielonych odpowiedzi
Twoja historia wyników
Nie rozwiązałeś tego quizu od ostatniego zresetowania